000 00521nam a2200181Ia 4500
008 090123s9999 xx 000 0 und d
082 _b30939
100 _aफडणीस शकुंतला
245 _aहोल्डॉल
250 _a1
260 _bशब्द प्रकाशन
_c2000
300 _a96
600 _aफडणीस शकुंतला
630 _aहोल्डॉल
700 _aफडणीस शकुंतला
730 _aहोल्डॉल
942 _cBOOK
999 _c68259
_d68259